000 01205naa a22003377a 4500
001 BR5100100
003 BR-BrBNA
005 20240918172830.0
007 ta
008 230509b bl.||||| |||| 00| 0 por d
040 _aBR-BrBNA
_bpor
_cBiblioteca Nacional de Agricultura
041 _a(Pt)
072 _aL72; L73
_b5212
_b4020
_b4190
090 _aL72 BR5100100
100 1 _aRocha, U.F.
100 1 _aVaz, Z.
111 1 _a5. Congresso Brasileiro de Veterinaria
_cSao Paulo, SP (Brazil)
_d28 Aug 1950
245 1 _aMiiase e perfuracao do rumen de bezerros por larvas de Cochliomya hominivorax (Coquerel, 1858). Significacao economica [Bos taurus]
260 3 _aSao Paulo, SP (Brasil):
_c1951.
500 _aAnais do 5. Congresso Brasileiro de Veterinaria Sao Paulo, SP (Brasil): 1951. p. 659-664 (BR5100100-AM)L72
650 _aPraga de animal
650 _aDoenca animal
650 _aBovino
650 _aParasito de animal
650 _aMiiase
650 _aLesao cutanea
650 _aRumen
773 0 _tAnais do 5. Congresso Brasileiro de Veterinaria
_wL72 BR5100100
_gSao Paulo, SP (Brasil), 1951. p. 659-664
909 _a202404
_bLucia
_c55
_dLucia Elande
942 _cAM
_2AGRIS
999 _c301640
_d301640